| 000 | 00000nas 2200000za 4500 |
| 001 | 9.507662 |
| 003 | CaOODSP |
| 005 | 20221107133816 |
| 007 | cr ||||||||||| |
| 008 | 150406d19992013onc x p o||||f| |0eng|d |
| 022 | |a1924-5408 |
| 040 | |aCaOODSP|beng |
| 043 | |an-cn--- |
| 086 | 1 |aCi2-5E-PDF |
| 245 | 00|aWelcome to Canada |h[electronic resource] : |bwhat you should know. |
| 260 | |aOttawa : |bCitizenship and Immigration Canada |
| 310 | |aIrregular |
| 362 | 1 |aBegan with 1999; ceased with 2013. |
| 500 | |aIssued also in French under title: Bienvenue au Canada. |
| 690 | 07|aCitizenship|2gcpds |
| 690 | 07|aHandbooks|2gcpds |
| 690 | 07|aImmigrants|2gcpds |
| 710 | 1 |aCanada. |bCitizenship and Immigration Canada. |
| 775 | 08|tBienvenue au Canada |w(CaOODSP)9.504047 |